| 000 -CABECERA |
| Longitud fija campo de control |
00615nam a2200205 a 4500 |
| 001 - NÚMERO DE CONTROL |
| Número de control |
100 |
| 003 - IDENTIFICADOR DEL NÚMERO DE CONTROL |
| Identificador del número de control |
CDMR |
| 005 - FECHA Y HORA DE LA ÚLTIMA TRANSACCIÓN |
| Fecha y hora de la última transacción |
20131128175507.0 |
| 008 - CÓDIGOS DE INFORMACIÓN DE LONGITUD FIJA |
| Códigos de información de longitud fija |
130130s1981||||||||||||||||||||||||||||d |
| 020 ## - NÚMERO INTERNACIONAL NORMALIZADO PARA LIBROS |
| Número Internacional Normalizado para Libros (ISBN) |
0803915551 |
| 040 ## - FUENTE DE LA CATALOGACIÓN |
| Centro catalogador de origen |
CDMR |
| Lengua de catalogación |
cat |
| Centro transcriptor |
CDMR |
| 245 10 - MENCIÓN DE TÍTULO |
| Título |
Advances in content analysis |
| Mención de responsabilidad, etc. |
Karl Erik Rosengren, editor |
| 260 ## - PUBLICACIÓN, DISTRIBUCIÓN, ETC. (PIE DE IMPRENTA) |
| Lugar de publicación, distribución, etc. |
London |
| Fecha de publicación, distribución, etc. |
1981 |
| Nombre del editor, distribuidor, etc. |
Sage Publications |
| 300 ## - DESCRIPCIÓN FÍSICA |
| Extensión |
283 p. |
| 490 0# - MENCIÓN DE SERIE |
| Mención de serie |
Sage annual Reviews of Communication Research |
| Designación de volumen o secuencia |
9 |
| 650 04 - PUNTO DE ACCESO ADICIONAL DE MATERIA - TÉRMINO DE MATERIA |
| 9 (RLIN) |
4097 |
| Término de materia o nombre geográfico como elemento inicial |
Anàlisi de contingut (Comunicació) |
| 650 04 - PUNTO DE ACCESO ADICIONAL DE MATERIA - TÉRMINO DE MATERIA |
| 9 (RLIN) |
3284 |
| Término de materia o nombre geográfico como elemento inicial |
Comunicació |
| Subdivisión de materia general |
Investigació |
| 700 1# - PUNTO DE ACCESO ADICIONAL - NOMBRE DE PERSONA |
| 9 (RLIN) |
97 |
| Nombre de persona |
Rosengren, Karl Erik |
| Término indicativo de función |
ed. |
| 942 ## - ENTRADA DE ELEMENTOS AGREGADOS (KOHA) |
| Koha [por defecto] tipo de item |
Monografies |
| Fuente de clasificaión o esquema |
|